000 01747nam a22002657a 4500
999 _c63108
_d63108
003 Ge_BSU
005 20250604095959.0
008 250603s2018 ge ||||| |||| 00| 0 geo d
020 _a9789941476617
041 _ageo
080 _a51(075.8) მ-15
245 _aმათემატიკა : მე-6 კლასი :
_bმასწავლებლის წიგნი /
_cავტორები : გ. გოგიშვილი, თეიმურაზ ვეფხვაძე, ია მებონია, ლამარა ქურჩიშვილი; რედ. თეიმურაზ ვეფხვაძე.
264 _aთბილისი:
_bინტელექტი,
_c2018.
300 _a234 გვ. ;
_b29 სმ.
500 _aგრიფმინიჭებულია საქართველოს განათლების, მეცნიერების, კულტურისა და სპორტის სამინისტროს მიერ 2018 წლის 24 ივლისს, ბრძანება #25
504 _aბიბლიოგრ. გვ.233
653 _aმოქმედებები ათწილადებზე
653 _aსტატისტიკა
700 _aგოგიშვილი, გ.
_eავტორი
_925232
700 _aვეფხვაძე, თეიმურაზ
_eავტორი
_925233
700 _aმებონია, ია
_eავტორი
_95603
700 _aქურჩიშვილი, ლამარა
_eავტორი
_925234
700 _a ვეფხვაძე, თეიმურაზ
_eრედაქტორი
_925235
942 _2udc
_cᲬᲘᲒᲜᲘ